000 nam a22 a 4500
999 _c3228
_d3228
003 AKMAL
005 20170522091028.0
008 170522s1998 -us 00 eng d
020 _a0072895438 (pbk.):
_cUSD 14.95
040 _aAKMAL
_cAKMAL
082 0 4 _a658.4012 COL
090 _a658.4012
_bCOL
100 1 _aCollis, David J.
_96626
245 1 0 _aCorporate strategy :
_ba resource-based approach /
_cDavid J. Collis, Cynthia A. Montgomery
260 _aBoston :
_bIrwin McGraw-Hill,
_c1998
300 _axvii, 220p. :
_bill. (some col.) ;
_c23cm
500 _aIncludes index
650 _aOrganizational effectiveness
_9566
650 _aStrategic planning
_96200
700 1 _aMontgomery, Cynthia A.,
_d1952-
_96627
942 _2ddc
_cBOOK